[Event "27th Summer Universiade 2013 Kazan,Russ"]
[Site "Kazan,Russia"]
[Date "2013.07.14"]
[Round "7.29"]
[White "Rajapakse, R M C M."]
[Black "Martins, Vinicius Tine"]
[Result "1-0"]
[WhiteElo "2075"]
[BlackElo "2391"]
[PlyCount "239"]
[EventDate "2013.07.09"]

1. d4 Nf6 2. c4 e6 3. Nf3 d5 4. Bg5 h6 5. Bh4 Nbd7 6. cxd5 exd5 7. Nc3 Bb4 8.
e3 O-O 9. Bd3 c5 10. O-O Qa5 11. Ne2 c4 12. Bc2 Re8 13. Bxf6 Nxf6 14. Ne5 Nd7
15. Nf3 Bd6 16. Ng3 Nf6 17. Nd2 b5 18. Re1 Qb6 19. Nf5 Bxf5 20. Bxf5 a5 21. Qf3
b4 22. Rac1 Ra7 23. g4 Bb8 24. Kg2 Qd6 25. Rh1 g6 26. Bb1 Qe6 27. h3 Rae7 28.
Rhe1 Qd6 29. Rh1 Kg7 30. Kf1 Re6 31. h4 h5 32. gxh5 Nxh5 33. Qg4 Rf6 34. Nf3
Ng3+ 35. Kg2 Nxh1 36. Rxh1 Qe6 37. Qg5 Kf8 38. h5 gxh5 39. Rxh5 Ke7 40. Ne5 Kd6
41. Ng4 Rg6 42. Bxg6 fxg6 43. Rh6 Rg8 44. Rh7 Rf8 45. f3 Kc6 46. Rg7 Rg8 47.
Rxg8 Qxg8 48. Qe7 Bd6 49. Qa7 Qd8 50. Qa6+ Qb6 51. Qc8+ Qc7 52. Qe8+ Kb7 53.
Qxg6 c3 54. bxc3 bxc3 55. Qc2 Qc4 56. Nf2 Kb6 57. Nd3 Ka7 58. a4 Bb4 59. Nf4
Bd6 60. Ne2 Bb4 61. Nf4 Bd6 62. Ne2 Kb8 63. Kf2 Bb4 64. Nf4 Bd6 65. Ne2 Bb4 66.
Nf4 Qc6 67. Ke2 Ka7 68. Qh7+ Ka6 69. Qc2 Qd7 70. Kf2 Kb7 71. Ke2 Ka7 72. Kf2
Kb7 73. Ke2 Ka7 74. Kf2 Qc6 75. Ng2 Qh6 76. Qf5 Qc6 77. Qc2 Qd7 78. Nf4 Qc6 79.
Ng2 Kb8 80. Ke2 Qc4+ 81. Kf2 Be7 82. Kg3 Qb4 83. Ne1 Qd6+ 84. f4 Qc6 85. Nf3
Bb4 86. Ne5 Qe8 87. Qh7 Bd6 88. Nd7+ Kc8 89. Nb6+ Kb8 90. Nxd5 Qxa4 91. Nxc3
Qa3 92. Qd3 Bb4 93. Qb5+ Kc8 94. Nd5 Qc1 95. Qe8+ Kb7 96. Qb5+ Kc8 97. Qe8+ Kb7
98. Qd7+ Kb8 99. Qd8+ Kb7 100. Qb6+ Kc8 101. Qe6+ Kb8 102. Nxb4 Qe1+ 103. Kf3
axb4 104. f5 Qd1+ 105. Ke4 Qc2+ 106. Ke5 b3 107. f6 b2 108. f7 Qh2+ 109. Kd5
Qg2+ 110. e4 Qg7 111. Qe8+ Ka7 112. Qa4+ Kb7 113. Qb4+ Ka7 114. Qa3+ Kb7 115.
Qxb2+ Kc7 116. Qc3+ Kd8 117. Qa5+ Kd7 118. Qa7+ Kd8 119. Qb8+ Kd7 120. Qd6+ 1-0

[Event "27th Summer Universiade 2013 Kazan,Russ"]
[Site "Kazan,Russia"]
[Date "2013.07.14"]
[Round "7.30"]
[White "Markov, Mikhail"]
[Black "Mohamad, Ervan"]
[Result "0-1"]
[WhiteElo "2305"]
[BlackElo "2207"]
[PlyCount "78"]
[EventDate "2013.07.09"]

1. Nf3 Nf6 2. g3 e6 3. Bg2 d5 4. O-O Be7 5. d4 O-O 6. Nbd2 b5 7. Ne5 Bb7 8. c4
bxc4 9. Ndxc4 c5 10. dxc5 Bxc5 11. Nd3 Nbd7 12. Nxc5 Nxc5 13. Be3 Nfe4 14. Nd2
a5 15. Rc1 Nxd2 16. Qxd2 Ne4 17. Qd4 Re8 18. Bf4 Rc8 19. Rxc8 Qxc8 20. Rc1 Qa8
21. Be5 Rc8 22. Rxc8+ Qxc8 23. Bxe4 dxe4 24. Bxg7 Qc1+ 25. Kg2 e3+ 26. f3 Qd2
27. Bh8 Kf8 28. Qc5+ Kg8 29. Bd4 e5 30. Bxe5 Qxe2+ 31. Kh3 Qxf3 32. Bd4 Qg2+
33. Kg4 Qe4+ 34. Kh3 f6 35. Qc7 h5 36. Qd8+ Kh7 37. Qd7+ Kg6 38. Bxe3 Bd5 39.
g4 Qg2+ 0-1

[Event "27th Summer Universiade 2013 Kazan,Russ"]
[Site "Kazan,Russia"]
[Date "2013.07.14"]
[Round "7.31"]
[White "Schaerer, Julian"]
[Black "Garcia Fuentes, Sergio Mig"]
[Result "1-0"]
[WhiteElo "2294"]
[BlackElo "2181"]
[PlyCount "51"]
[EventDate "2013.07.09"]

1. e4 c5 2. Nf3 Nc6 3. d4 cxd4 4. Nxd4 Qb6 5. Nb3 Nf6 6. Nc3 e6 7. Bd3 a6 8.
Qe2 Qc7 9. O-O Be7 10. f4 d6 11. a4 b6 12. Be3 Bb7 13. Rae1 Nb4 14. Nd4 d5 15.
e5 Ne4 16. Bxe4 dxe4 17. f5 Qxe5 18. fxe6 fxe6 19. Qg4 Bf6 20. Nxe6 Rc8 21.
Nxe4 Nxc2 22. Nxf6+ gxf6 23. Bf2 Nxe1 24. Rxe1 Rc2 25. Rxe5 fxe5 26. Qh5+ 1-0

[Event "27th Summer Universiade 2013 Kazan,Russ"]
[Site "Kazan,Russia"]
[Date "2013.07.14"]
[Round "7.32"]
[White "Hesham, Abdelrahman"]
[Black "Olebile, Thato"]
[Result "1-0"]
[WhiteElo "2375"]
[BlackElo "2108"]
[PlyCount "57"]
[EventDate "2013.07.09"]

1. d4 d5 2. c4 c6 3. Nf3 e6 4. e3 Nf6 5. Nc3 Bd6 6. Bd3 Nbd7 7. O-O O-O 8. e4
dxe4 9. Nxe4 Nxe4 10. Bxe4 Nf6 11. Bc2 h6 12. b3 c5 13. Bb2 cxd4 14. Bxd4 Be7
15. Qe2 Qa5 16. Rad1 g6 17. Ne5 Kh7 18. h4 Bd7 19. Nxg6 fxg6 20. Bxf6 Qd8 21.
Bb2 Qc8 22. Bxg6+ Kxg6 23. Qg4+ Bg5 24. Qe4+ Kh5 25. g4+ Kxh4 26. Kg2 Bf4 27.
Rh1+ Kxg4 28. Qg6+ Bg5 29. Rd4+ 1-0

[Event "27th Summer Universiade 2013 Kazan,Russ"]
[Site "Kazan,Russia"]
[Date "2013.07.14"]
[Round "7.33"]
[White "Nayan, Ahmad Fadzil"]
[Black "Nanjo, Ryosuke"]
[Result "0-1"]
[WhiteElo "2102"]
[BlackElo "2299"]
[PlyCount "120"]
[EventDate "2013.07.09"]

1. d4 e6 2. c4 f5 3. Nc3 Nf6 4. Nf3 Bb4 5. Qc2 b6 6. g3 Bb7 7. Bg2 O-O 8. O-O
Ne4 9. Ng5 Bxc3 10. Nxe4 Bxe4 11. Bxe4 fxe4 12. Qxe4 Bxb2 13. Bxb2 Nc6 14. d5
exd5 15. cxd5 Na5 16. Rac1 Rf7 17. Qc2 Rc8 18. f4 b5 19. Bd4 a6 20. e4 d6 21.
h4 Nc4 22. Qd3 Qd7 23. Kg2 Re8 24. Rce1 c6 25. Bc3 Rfe7 26. f5 Ne5 27. Qd2 c5
28. h5 Rf7 29. h6 g6 30. Bxe5 Rxe5 31. g4 Qe7 32. Qf4 Rf8 33. Kh3 g5 34. Qd2
Qf6 35. Kg3 Qxh6 36. Rh1 Qg7 37. Kf3 Rfe8 38. Rh5 h6 39. Re3 b4 40. Qd3 R5e7
41. Re2 Qe5 42. Qe3 Kg7 43. Re1 Qf6 44. Qd3 a5 45. Re2 Qe5 46. Qe3 c4 47. Re1
Qf6 48. Qc1 c3 49. Re2 a4 50. Qc2 Qe5 51. Qc1 b3 52. axb3 axb3 53. Re1 Qf6 54.
Re3 b2 55. Qc2 Qd4 56. Rh1 Rxe4 57. Rxe4 Qxe4+ 58. Qxe4 Rxe4 59. Kxe4 c2 60.
f6+ Kxf6 0-1

[Event "27th Summer Universiade 2013 Kazan,Russ"]
[Site "Kazan,Russia"]
[Date "2013.07.14"]
[Round "7.34"]
[White "Wyss, Jonas"]
[Black "Giron, David"]
[Result "1-0"]
[WhiteElo "2270"]
[BlackElo "2062"]
[PlyCount "111"]
[EventDate "2013.07.09"]

1. e4 c5 2. Nf3 e6 3. d4 cxd4 4. Nxd4 a6 5. Bd3 Bc5 6. Nb3 Ba7 7. Qg4 Nf6 8.
Qg3 d6 9. Nc3 Nc6 10. Bg5 h6 11. Bd2 Nh5 12. Qf3 Qh4 13. g3 Ne5 14. Qe2 Qh3 15.
O-O-O g5 16. Be3 Bb8 17. Na4 Bc7 18. Bb6 Bb8 19. Bd4 Bc7 20. Bxe5 dxe5 21. Qe3
Nf6 22. Bf1 Qg4 23. f3 Qh5 24. g4 Qg6 25. Qc5 Bd8 26. Rxd8+ Kxd8 27. Nb6 Nd7
28. Qd6 Qf6 29. Bg2 Qe7 30. Qxe7+ Kxe7 31. Nxa8 b6 32. Rd1 Bb7 33. Rxd7+ Kxd7
34. Nxb6+ Kc7 35. Nc4 h5 36. h3 hxg4 37. fxg4 f5 38. gxf5 exf5 39. Nc5 Bxe4 40.
Nxe4 fxe4 41. Nxe5 e3 42. Ng4 Re8 43. Kd1 Rd8+ 44. Ke1 Re8 45. Ke2 Kd6 46. Nxe3
Ke5 47. Kf3 Rf8+ 48. Kg3 Kd4 49. Nd5 Rc8 50. c3+ Kd3 51. Nb4+ Kd2 52. Nxa6 Kc1
53. b4 Rxc3+ 54. Bf3 Ra3 55. b5 Rxa2 56. Nc5 1-0

[Event "27th Summer Universiade 2013 Kazan,Russ"]
[Site "Kazan,Russia"]
[Date "2013.07.14"]
[Round "7.35"]
[White "Esenov, Annaberdi"]
[Black "Chaulagain, Purushottam"]
[Result "1-0"]
[WhiteElo "2255"]
[BlackElo "1923"]
[PlyCount "61"]
[EventDate "2013.07.09"]

1. e4 c5 2. Nf3 Nc6 3. d4 cxd4 4. Nxd4 Nf6 5. Nc3 e5 6. Ndb5 Bb4 7. Nd6+ Ke7 8.
Nxc8+ Rxc8 9. Bd3 d5 10. exd5 Nxd5 11. O-O Nxc3 12. bxc3 Bd6 13. Qh5 h6 14. f4
g6 15. Qg4 Kf8 16. Kh1 exf4 17. Bxf4 Kg7 18. Rad1 Bxf4 19. Qxf4 Rf8 20. Bf5 Qc7
21. Bxc8 Qxf4 22. Rxf4 Rxc8 23. Rd7 Ne5 24. Rxb7 Rxc3 25. Rxa7 Rxc2 26. Rf1 g5
27. Re7 Rc5 28. a4 Kg6 29. Ra1 h5 30. a5 Nc6 31. Rc7 1-0

[Event "27th Summer Universiade 2013 Kazan,Russ"]
[Site "Kazan,Russia"]
[Date "2013.07.14"]
[Round "7.36"]
[White "Fernandes, Carlos A"]
[Black "Caetano, Hugo Zanotti Mendon"]
[Result "1/2-1/2"]
[WhiteElo "2122"]
[BlackElo "2152"]
[PlyCount "41"]
[EventDate "2013.07.09"]

1. e4 c5 2. Nf3 Nc6 3. d4 cxd4 4. Nxd4 g6 5. Nc3 Bg7 6. Be3 Nf6 7. f3 O-O 8.
Bc4 Qb6 9. Qd2 Nxe4 10. Nxc6 Qxb2 11. Nxe7+ Kh8 12. Nxe4 Qxa1+ 13. Qd1 Qe5 14.
Qd6 f5 15. Qxe5 Bxe5 16. Nd6 Kg7 17. Ndxc8 Bf6 18. O-O Re8 19. Bc5 Raxc8 20.
Nxc8 Rxc8 21. Rd1 1/2-1/2

[Event "27th Summer Universiade 2013 Kazan,Russ"]
[Site "Kazan,Russia"]
[Date "2013.07.14"]
[Round "7.37"]
[White "Gumpo, Thabo"]
[Black "Haitbayev, Hayrulla"]
[Result "1/2-1/2"]
[WhiteElo "2015"]
[BlackElo "2088"]
[PlyCount "111"]
[EventDate "2013.07.09"]

1. e4 c5 2. Nc3 d6 3. f4 Nc6 4. Bb5 a6 5. Bxc6+ bxc6 6. Nf3 Nf6 7. d3 g6 8. O-O
Bg7 9. Qe1 O-O 10. Qh4 e6 11. f5 exf5 12. Bg5 Rb8 13. Rab1 h6 14. Bxh6 Ng4 15.
Bxg7 Qxh4 16. Nxh4 Kxg7 17. h3 Ne3 18. Rf2 f4 19. Rxf4 Nxc2 20. Rf2 Nd4 21. Ne2
Nxe2+ 22. Rxe2 Be6 23. b3 a5 24. Nf3 a4 25. Ng5 Rb4 26. Reb2 Rfb8 27. Nxe6+
fxe6 28. Kh2 Kf6 29. Kg3 Rd4 30. Rd1 Ke5 31. Rdd2 Rdb4 32. Kg4 Kf6 33. Rf2+ Kg7
34. Kg5 R8b5 35. e5 c4 36. dxc4 Rxe5+ 37. Kf4 g5+ 38. Kg3 d5 39. cxd5 cxd5 40.
bxa4 Rxa4 41. Rb7+ Kg6 42. Rbf7 Rf5 43. R2xf5 exf5 44. Rd7 d4 45. Rd6+ Kh5 46.
Kh2 f4 47. a3 Rc4 48. g4+ fxg3+ 49. Kxg3 Rc3+ 50. Kg2 d3 51. a4 Ra3 52. a5 Ra2+
53. Kg3 d2 54. a6 Ra3+ 55. Kg2 Ra2 56. Kg3 1/2-1/2

[Event "27th Summer Universiade 2013 Kazan,Russ"]
[Site "Kazan,Russia"]
[Date "2013.07.14"]
[Round "7.38"]
[White "De Mey, Juan Pablo"]
[Black "Gantner, Matthias"]
[Result "1/2-1/2"]
[WhiteElo "1951"]
[BlackElo "2270"]
[PlyCount "61"]
[EventDate "2013.07.09"]

1. e4 g6 2. d4 Bg7 3. Nc3 c6 4. Bc4 d5 5. exd5 b5 6. Bb3 b4 7. Na4 cxd5 8. Ne2
Nf6 9. a3 bxa3 10. Rxa3 O-O 11. O-O Nbd7 12. Nf4 e6 13. Be3 Ba6 14. Re1 Re8 15.
f3 Bf8 16. Ra2 Bd6 17. Nc3 Qb6 18. Qd2 Bb7 19. Nd3 Bc6 20. Rea1 Qc7 21. Bf4
Bxf4 22. Qxf4 Rec8 23. Qxc7 Rxc7 24. Nb4 Nb8 25. Kf2 Ne8 26. Ra5 Nd6 27. g4 Rb7
28. Nd3 Nc4 29. Rc5 Nb6 30. g5 Be8 31. Na4 1/2-1/2

[Event "27th Summer Universiade 2013 Kazan,Russ"]
[Site "Kazan,Russia"]
[Date "2013.07.14"]
[Round "7.39"]
[White "Kokome, Oaitse"]
[Black "Sato, Kaname"]
[Result "0-1"]
[WhiteElo "1931"]
[BlackElo "2038"]
[PlyCount "82"]
[EventDate "2013.07.09"]

1. g3 c5 2. Bg2 Nc6 3. d3 g6 4. Nf3 Bg7 5. O-O d6 6. Nc3 Rb8 7. a3 Bd7 8. Rb1
a5 9. Nb5 Ne5 10. c4 Bc6 11. Nxe5 Bxe5 12. d4 Bxg2 13. Kxg2 cxd4 14. Nxd4 Qd7
15. Nf3 Bg7 16. c5 d5 17. Bf4 Rc8 18. Ne5 Bxe5 19. Bxe5 f6 20. Bc3 Rxc5 21. Qd2
b6 22. b4 axb4 23. Rxb4 Qc6 24. Bd4 Rc2 25. Qd3 e5 26. Rxb6 Qc7 27. Qb5+ Kf8
28. Rb8+ Kg7 29. Rb7 exd4 30. Rxc7+ Rxc7 31. Qxd5 Ne7 32. Qxd4 Nf5 33. Qb6 Re7
34. Rc1 Rxe2 35. Rc7+ Kh6 36. Qxf6 Rhe8 37. g4 Ne3+ 38. Kf3 Rxf2+ 39. Kxf2
Nxg4+ 40. Kf3 Nxf6 41. h4 Ra8 0-1

[Event "27th Summer Universiade 2013 Kazan,Russ"]
[Site "Kazan,Russia"]
[Date "2013.07.14"]
[Round "7.40"]
[White "Mooketsi, David"]
[Black "Abrantes, Persson"]
[Result "1-0"]
[WhiteElo "1847"]
[BlackElo "2017"]
[PlyCount "75"]
[EventDate "2013.07.09"]

1. e4 c5 2. Nf3 Nc6 3. d4 cxd4 4. Nxd4 Nf6 5. Nc3 d6 6. Bg5 e5 7. Ndb5 a6 8.
Na3 Be6 9. Nc4 Be7 10. Bxf6 gxf6 11. Ne3 Qa5 12. Be2 Nd4 13. O-O f5 14. exf5
Nxf5 15. Ned5 Bg5 16. Bg4 Nd4 17. Bxe6 Nxe6 18. Ne4 O-O-O 19. a3 f5 20. c4 Rd7
21. b4 Qd8 22. Nxg5 Qxg5 23. Nb6+ Kc7 24. Nxd7 Nf4 25. g3 Kxd7 26. Kh1 Nh3 27.
c5 Kc8 28. Qxd6 Rd8 29. Qe6+ Kb8 30. c6 Qh5 31. Qxe5+ Ka7 32. Qe3+ Kb8 33. f3
Re8 34. Qb6 Qf7 35. Rad1 Qc7 36. Qxc7+ Kxc7 37. cxb7 Re2 38. Rd7+ 1-0

[Event "27th Summer Universiade 2013 Kazan,Russ"]
[Site "Kazan,Russia"]
[Date "2013.07.14"]
[Round "7.41"]
[White "Akunov, Maskat"]
[Black "Malgie, Avikaar"]
[Result "1/2-1/2"]
[WhiteElo "1882"]
[BlackElo "1773"]
[PlyCount "40"]
[EventDate "2013.07.09"]

1. d4 Nf6 2. Bg5 g6 3. Bxf6 exf6 4. c4 Bg7 5. e3 f5 6. Nc3 b6 7. g3 Bb7 8. d5
d6 9. Nge2 Nd7 10. Bg2 Qe7 11. O-O h5 12. Nb5 Nc5 13. b4 Ne4 14. Rc1 h4 15.
Ned4 a6 16. Nc3 hxg3 17. fxg3 Nxg3 18. Rf3 Ne4 19. Qa4+ Kf8 20. Nxe4 Qxe4
1/2-1/2

[Event "27th Summer Universiade in Kazan (Men)"]
[Site "Kazan"]
[Date "2013.07.14"]
[Round "8.1"]
[White "Li, Chao B"]
[Black "Alekseev, Evgeny"]
[Result "1/2-1/2"]
[WhiteElo "2686"]
[BlackElo "2714"]
[PlyCount "73"]
[EventDate "2013.??.??"]

1. g3 c5 2. Bg2 g6 3. Nf3 Bg7 4. d4 cxd4 5. Nxd4 Nc6 6. Nxc6 bxc6 7. O-O Qc7 8.
c4 Nf6 9. Nc3 O-O 10. Qa4 Bb7 11. Bf4 Qb6 12. Qa3 d6 13. c5 Qxc5 14. Qxc5 dxc5
15. Na4 Nd5 16. Nxc5 Nxf4 17. gxf4 Bc8 18. Rad1 Bxb2 19. Bxc6 Bh3 20. Bxa8 Rxa8
21. Rb1 Ba3 22. Nd3 Bxf1 23. Kxf1 f6 24. Rb3 Bd6 25. Rb7 a5 26. e4 Kf7 27. e5
Rb8 28. Ra7 fxe5 29. fxe5 Bb4 30. Rc7 Ba3 31. Ke2 Rb1 32. Ra7 Bb4 33. Kf3 Ra1
34. Ke3 Ke6 35. f4 Kf7 36. Ra6 Rh1 37. a3 1/2-1/2

[Event "27th Summer Universiade in Kazan (Men)"]
[Site "Kazan"]
[Date "2013.07.14"]
[Round "8.5"]
[White "Amin, Bassem"]
[Black "Zhou, Jianchao"]
[Result "1/2-1/2"]
[WhiteElo "2650"]
[BlackElo "2572"]
[PlyCount "160"]
[EventDate "2013.??.??"]

1. e4 c5 2. Nf3 d6 3. g3 Nf6 4. c3 Nc6 5. d3 g6 6. Bg2 Bg7 7. O-O O-O 8. Re1
Bg4 9. h3 Bxf3 10. Qxf3 Rb8 11. Be3 Nd7 12. Rd1 b5 13. a3 a5 14. Qe2 Qc7 15. d4
b4 16. d5 Na7 17. axb4 axb4 18. c4 Nc8 19. h4 Ncb6 20. Bg5 Ra8 21. Rxa8 Rxa8
22. b3 Bf6 23. f4 Ra1 24. Kh2 Qa7 25. Bxf6 exf6 26. Nd2 Ra2 27. Qd3 Qa3 28. Bf1
Qb2 29. Kg1 Qc3 30. Be2 Rc2 31. Kf2 Qd4+ 32. Qxd4 cxd4 33. Nf3 d3 34. Rxd3 Nc5
35. Re3 Nxc4 36. bxc4 b3 37. e5 fxe5 38. fxe5 b2 39. e6 fxe6 40. dxe6 Kf8 41.
e7+ Ke8 42. Nd4 b1=Q 43. Nb5 Nd3+ 44. Rxd3 Kxe7 45. Re3+ Kf6 46. Na3 Rxe2+ 47.
Kxe2 Qa2+ 48. Kf3 h6 49. Rd3 Ke5 50. Rd5+ Ke6 51. Rd3 g5 52. hxg5 hxg5 53. Ke3
Qg2 54. Kd4 Qb2+ 55. Ke3 Qe5+ 56. Kd2 Qb2+ 57. Nc2 Qa2 58. Kc3 Qa5+ 59. Kb3
Qb6+ 60. Kc3 Qa5+ 61. Kb3 Qb6+ 62. Kc3 Kf5 63. Rd5+ Kg4 64. Rd3 Kh3 65. Na3 g4
66. Nb5 d5 67. Rxd5 Kxg3 68. Kb4 Kf2 69. c5 Qg6 70. Rd6 Qb1+ 71. Ka5 g3 72. c6
g2 73. Rd2+ Kg3 74. Rxg2+ Kxg2 75. c7 Qf5 76. Kb6 Qe6+ 77. Kb7 Qd5+ 78. Kb6
Qe6+ 79. Kb7 Qd5+ 80. Kb6 Qe6+ 1/2-1/2

[Event "27th Summer Universiade in Kazan (Men)"]
[Site "Kazan"]
[Date "2013.07.14"]
[Round "8.7"]
[White "Bulski, Krzysztof"]
[Black "Sjugirov, Sanan"]
[Result "0-1"]
[WhiteElo "2534"]
[BlackElo "2647"]
[PlyCount "66"]
[EventDate "2013.??.??"]

1. d4 d5 2. c4 c6 3. Nf3 Nf6 4. e3 Bg4 5. h3 Bh5 6. Nc3 e6 7. g4 Bg6 8. Ne5
Nbd7 9. Nxg6 hxg6 10. Bd2 g5 11. Qf3 Bd6 12. O-O-O Qe7 13. Kb1 O-O-O 14. e4
dxe4 15. Nxe4 Nxe4 16. Qxe4 Qf6 17. Bg2 Bc7 18. Be3 Nb6 19. Qc2 Kb8 20. a4 Nc8
21. d5 exd5 22. cxd5 cxd5 23. Bxd5 Bb6 24. Bxb6 Nxb6 25. Be4 Rc8 26. Qb3 Rc4
27. Rhe1 a5 28. Qg3+ Ka7 29. Rd6 Qe7 30. Qd3 Rb4 31. Rd4 Rxh3 32. f3 Rxf3 33.
Qd2 Rfb3 0-1

[Event "27th Summer Universiade in Kazan (Men)"]
[Site "Kazan"]
[Date "2013.07.14"]
[Round "8.8"]
[White "Kravtsiv, Martyn"]
[Black "Batchuluun, Tsegmed"]
[Result "1/2-1/2"]
[WhiteElo "2620"]
[BlackElo "2517"]
[PlyCount "115"]
[EventDate "2013.??.??"]

1. e4 e6 2. d4 d5 3. Nc3 Nf6 4. e5 Nfd7 5. f4 c5 6. Nf3 Nc6 7. Be3 cxd4 8. Nxd4
Qb6 9. Qd2 Qxb2 10. Rb1 Qa3 11. Bb5 Nxd4 12. Bxd4 a6 13. Bxd7+ Bxd7 14. Rb3 Qe7
15. Rxb7 Qh4+ 16. Bf2 Qd8 17. O-O Qc8 18. Rb3 Qc4 19. f5 Rc8 20. fxe6 Bxe6 21.
Ne2 Qxc2 22. Qxc2 Rxc2 23. Nd4 Rc8 24. Nxe6 fxe6 25. Rb6 Kd7 26. Be3 Be7 27.
Rf7 Ke8 28. Rxg7 Kf8 29. Rg3 Rg8 30. Rxg8+ Kxg8 31. Rxe6 Kf7 32. Rxa6 Rc4 33.
e6+ Kf6 34. Kf2 Rc2+ 35. Kf3 Rc3 36. Ke2 Rc2+ 37. Kf3 Rc3 38. Ke2 Rc2+ 39. Kd3
Rxg2 40. Bf4 Rg4 41. Bg3 Re4 42. a4 Rxe6 43. Rxe6+ Kxe6 44. Kd4 h5 45. h3 Bb4
46. Bb8 Bd6 47. Bxd6 Kxd6 48. h4 Kc6 49. a5 Kb5 50. Kxd5 Kxa5 51. Ke5 Kb6 52.
Kf5 Kc7 53. Kg5 Kd7 54. Kxh5 Ke7 55. Kg6 Kf8 56. h5 Kg8 57. h6 Kh8 58. h7
1/2-1/2

[Event "27th Summer Universiade in Kazan (Men)"]
[Site "Kazan"]
[Date "2013.07.14"]
[Round "8.9"]
[White "Onischuk, Vladimir"]
[Black "Farid, Firman Syah"]
[Result "1-0"]
[WhiteElo "2576"]
[BlackElo "2396"]
[PlyCount "105"]
[EventDate "2013.??.??"]

1. e4 c6 2. d4 d5 3. e5 Bf5 4. Nc3 e6 5. g4 Bg6 6. Nge2 Qh4 7. Nf4 Nd7 8. Ng2
Qe7 9. h4 f6 10. h5 Bf7 11. f4 O-O-O 12. Be3 Nh6 13. Be2 Nb6 14. a3 Qc7 15. b3
a6 16. Nb1 c5 17. c3 fxe5 18. fxe5 Be7 19. O-O Rdf8 20. a4 Nd7 21. Qd3 Be8 22.
Rxf8 Nxf8 23. Nd2 Nf7 24. Nf3 g6 25. Kf2 gxh5 26. gxh5 Rg8 27. Rg1 Nd8 28. Nf4
Rxg1 29. Kxg1 cxd4 30. cxd4 Bb4 31. Kf2 Kb8 32. Qd1 Qg7 33. Qh1 Be7 34. Qh3 Qg8
35. Bd3 Bd7 36. Qg3 Qxg3+ 37. Kxg3 b5 38. axb5 Bxb5 39. Bc2 Nc6 40. Kg4 Bd8 41.
Ng5 Bb6 42. Ngxe6 Nxe6 43. Nxe6 Nxe5+ 44. Kg5 h6+ 45. Kf5 Nf3 46. Bd1 Bd3+ 47.
Kf4 Nh4 48. Ke5 Nf5 49. Bf4 Ka7 50. Kxd5 Ne7+ 51. Kd6 Ng8 52. d5 Nf6 53. Bxh6
1-0

[Event "27th Summer Universiade in Kazan (Men)"]
[Site "Kazan"]
[Date "2013.07.14"]
[Round "8.10"]
[White "Moranda, Wojciech"]
[Black "Mammadov, Zaur"]
[Result "1-0"]
[WhiteElo "2570"]
[BlackElo "2437"]
[PlyCount "93"]
[EventDate "2013.??.??"]

1. d4 d5 2. c4 c6 3. Nc3 Nf6 4. e3 g6 5. Nf3 Bg7 6. Bd3 O-O 7. O-O dxc4 8. Bxc4
Bg4 9. h3 Bxf3 10. Qxf3 Nbd7 11. Rd1 e5 12. d5 e4 13. Nxe4 Nxe4 14. Qxe4 Nb6
15. Rb1 Re8 16. Qc2 Qh4 17. b3 cxd5 18. Bf1 Rac8 19. Qd2 d4 20. exd4 Bxd4 21.
Qxd4 Qxd4 22. Rxd4 Re1 23. a4 Rcxc1 24. Rxc1 Rxc1 25. a5 Nc8 26. Rd7 b6 27. a6
Kf8 28. g3 Ke8 29. Rb7 Nd6 30. Rxa7 Kd8 31. Kg2 b5 32. Ra8+ Kc7 33. a7 Ra1 34.
Be2 h5 35. Bf3 Ra6 36. Bd5 Kb6 37. Rd8 Kxa7 38. Rd7+ Kb8 39. Bxf7 Ne4 40. Re7
Nd2 41. h4 Kc8 42. Re5 b4 43. Rb5 Rf6 44. Bd5 Rd6 45. Bb7+ Kc7 46. Rxb4 Rd3 47.
Be4 1-0

[Event "27th Summer Universiade in Kazan (Men)"]
[Site "Kazan"]
[Date "2013.07.14"]
[Round "8.11"]
[White "Nigalidze, Gaioz"]
[Black "Tomczak, Jacek"]
[Result "0-1"]
[WhiteElo "2497"]
[BlackElo "2564"]
[PlyCount "84"]
[EventDate "2013.??.??"]

1. d4 Nf6 2. Nf3 g6 3. Nc3 d5 4. Bf4 Bg7 5. e3 O-O 6. Be2 b6 7. h3 Bb7 8. Qd2
c5 9. O-O-O b5 10. Bxb5 c4 11. Ne5 a5 12. Ba4 Qb6 13. h4 Na6 14. h5 Rab8 15.
hxg6 fxg6 16. Nd7 Nxd7 17. Bxd7 e5 18. dxe5 Nc5 19. Nxd5 Bxd5 20. Qxd5+ Rf7 21.
e6 Rxf4 22. exf4 Bxb2+ 23. Kd2 Ne4+ 24. Qxe4 Qxf2+ 25. Qe2 Bc3+ 26. Kxc3 Qxe2
27. Rhe1 Qxg2 28. Re3 Qb7 29. a3 Qb6 30. Re4 Qb2+ 31. Kd2 Rd8 32. a4 Qb4+ 33.
Ke2 Qe7 34. Rxc4 Kg7 35. Rd5 Kf6 36. Kd3 Qa3+ 37. Kd4 h5 38. Rc3 Qb4+ 39. Rc4
Qd2+ 40. Kc5 Qe3+ 41. Kd6 h4 42. Rd3 Qxe6+ 0-1

[Event "27th Summer Universiade in Kazan (Men)"]
[Site "Kazan"]
[Date "2013.07.14"]
[Round "8.12"]
[White "Abdyjapar, Asyl"]
[Black "Durarbayli, Vasif"]
[Result "0-1"]
[WhiteElo "2400"]
[BlackElo "2549"]
[PlyCount "94"]
[EventDate "2013.??.??"]

1. c4 c5 2. Nc3 Nc6 3. Nf3 g6 4. g3 Bg7 5. Bg2 e6 6. d3 Nge7 7. O-O O-O 8. Bd2
b6 9. a3 Bb7 10. Rb1 d6 11. b4 Rb8 12. e4 Qd7 13. Qc1 Rfe8 14. Bh6 Bh8 15. Ne2
Rbd8 16. Rd1 cxb4 17. axb4 d5 18. Qc2 a5 19. b5 Nb4 20. Qb3 dxe4 21. dxe4 Qc7
22. Ne1 Nc8 23. Bf4 Be5 24. Be3 Nd6 25. f3 Qxc4 26. Bxb6 Qxe2 27. Bxa5 Nxe4 28.
fxe4 Bd4+ 29. Rxd4 Rxd4 30. Bxb4 Bxe4 31. Bxe4 Qxe4 32. Bc5 Rd2 33. Bf2 Qf5 34.
Be3 Re2 35. Rc1 h5 36. b6 Rb8 37. Qc3 h4 38. Qc7 Rf8 39. Qf4 Qa5 40. Bf2 e5 41.
Qf6 h3 42. b7 Qd5 43. Qc6 Qd2 44. Rb1 Rxf2 45. b8=Q Rxb8 46. Rxb8+ Kg7 47. Rb1
Qe2 0-1

[Event "27th Summer Universiade in Kazan (Men)"]
[Site "Kazan"]
[Date "2013.07.14"]
[Round "8.14"]
[White "Yu, Yangyi"]
[Black "Rzayev, Bahruz"]
[Result "1-0"]
[WhiteElo "2657"]
[BlackElo "2429"]
[PlyCount "75"]
[EventDate "2013.??.??"]

1. e4 e5 2. Nf3 Nc6 3. Bb5 a6 4. Ba4 d6 5. O-O Bd7 6. c4 Nf6 7. d3 g6 8. Nc3
Bg7 9. h3 O-O 10. Be3 Nh5 11. Nd5 Nd4 12. Bxd7 Qxd7 13. Nxd4 exd4 14. Bg5 Rae8
15. Qg4 Re6 16. f4 f5 17. exf5 Rxf5 18. Rae1 Nf6 19. Bxf6 Bxf6 20. Re4 Bd8 21.
Rfe1 Rxe4 22. dxe4 Rf7 23. Qxd7 Rxd7 24. Nb4 c6 25. Nd3 c5 26. Kf2 g5 27. f5 b5
28. Rc1 Bb6 29. b4 Rc7 30. bxc5 dxc5 31. Kf3 h5 32. e5 Ba5 33. Ke4 Bd2 34. Rc2
Bc3 35. Kd5 Rd7+ 36. Kxc5 Rc7+ 37. Kd6 Rxc4 38. e6 1-0

[Event "27th Summer Universiade in Kazan (Men)"]
[Site "Kazan"]
[Date "2013.07.14"]
[Round "8.16"]
[White "Hajbok, Robert"]
[Black "Ibarra Chami, Luis Fernando"]
[Result "0-1"]
[WhiteElo "2367"]
[BlackElo "2482"]
[PlyCount "166"]
[EventDate "2013.??.??"]

1. e4 e5 2. Nf3 Nc6 3. Bc4 Nf6 4. d3 Be7 5. Nc3 O-O 6. Nd5 d6 7. Nxe7+ Nxe7 8.
O-O Ng6 9. Re1 Be6 10. Bb3 Re8 11. Bxe6 fxe6 12. d4 exd4 13. Nxd4 Qd7 14. Bg5
Qf7 15. Qf3 Nd7 16. Qxf7+ Kxf7 17. Rad1 a6 18. f3 Nge5 19. Ne2 h6 20. Bd2 g5
21. Bc3 Nc6 22. Nd4 Nxd4 23. Rxd4 e5 24. Rdd1 Kg6 25. Bd2 Rf8 26. Be3 a5 27.
Rd3 a4 28. Rc3 Rfc8 29. h3 Nf8 30. Rd1 Ne6 31. Rd5 Rcb8 32. Rcd3 Ra6 33. c4 b6
34. Kh2 Kf6 35. Kg3 Ke7 36. Rd2 Rd8 37. h4 Rg8 38. hxg5 hxg5 39. Rd1 Rh8 40.
Rc1 Raa8 41. Rdd1 Nf4 42. Bxf4 gxf4+ 43. Kf2 Kd7 44. Rd5 Kc6 45. Rcd1 Rh2 46.
Rb5 Kb7 47. Rbd5 Rg8 48. Rg1 Rh6 49. Rdd1 Ka6 50. Rd5 c6 51. Rd2 b5 52. cxb5+
Kxb5 53. a3 Rhg6 54. Re2 Rg5 55. Rd2 R8g6 56. Rd3 Rg3 57. Rd2 Kb6 58. Kf1 Kc5
59. Rc2+ Kb5 60. Rd2 Kc4 61. Rc2+ Kb3 62. Rxc6 Kxb2 63. Ra6 Kxa3 64. Kf2 Kb3
65. Rb1+ Ka2 66. Rb4 Rxg2+ 67. Ke1 Rg1+ 68. Kd2 R6g2+ 69. Kd3 Rd1+ 70. Kc3 a3
71. Rba4 Kb1 72. Rxa3 Rc2+ 73. Kb4 Rd4+ 74. Kb5 Kc1 75. Rc6 d5 76. Rxc2+ Kxc2
77. exd5 Rxd5+ 78. Kc6 Rd3 79. Ra5 Rxf3 80. Rxe5 Rd3 81. Ra5 f3 82. Kc5 Kd2 83.
Kc4 Rd8 {Kd4} 0-1

[Event "27th Summer Universiade in Kazan (Men)"]
[Site "Kazan"]
[Date "2013.07.14"]
[Round "8.17"]
[White "Atabayev, Maksat"]
[Black "Ferreira, Jorge Viterbo"]
[Result "1-0"]
[WhiteElo "2460"]
[BlackElo "2401"]
[PlyCount "51"]
[EventDate "2013.??.??"]

1. e4 e5 2. Nf3 Nc6 3. Bb5 f5 4. Nc3 fxe4 5. Nxe4 Nf6 6. Nxf6+ Qxf6 7. Qe2 Be7
8. Bxc6 bxc6 9. d4 exd4 10. Bg5 Qe6 11. Qxe6 dxe6 12. Bxe7 Kxe7 13. Nxd4 c5 14.
Nb3 Bb7 15. Nxc5 Bxg2 16. Rg1 Bf3 17. Rxg7+ Kd6 18. Nb3 Rag8 19. Rg3 Bh5 20.
Nd2 Rg6 21. a4 Rf8 22. Raa3 Rf4 23. Rad3+ Kc6 24. Rc3+ Kd5 25. Rgd3+ Ke5 26.
Rc5+ {Kd5} 1-0